000 00802nam a2200241Ia 4500
003 GCL
008 140319s9999 xx 000 0 ara d
040 _aGCL /
_cGCL
082 0 4 _a257.3566
_bع ا
100 1 _aعدنان احمد بدر
245 1 0 _aالافتاء والأوقاف الاسلامية فى لبنان /
_cعدنان احمد بدر
260 _a[S.N] :
_bالمؤسسة الجامعية للدراسات والنشر والتوزيع ،
_c1992
300 _a280 ص
490 _a
650 0 4 _aالاسلام
650 0 4 _aالفتاوى الشرعية
650 0 4 _aالوقف
650 0 4 _aالشريعة الاسلامية
650 0 4 _aلبنان
650 0 4 _aالقضاء فى الاسلام
650 0 4 _aنظام الحكم فى لبنان
942 _2ddc
_cBK
999 _c54767
_d54767